Name That Flower #2 - Statistics

General Stats
  • This quiz has been taken 14 times
    4 since last reset
  • The average score is 10 of 16
Answer Stats
Picture Answer % Correct
azalea
100%
dahlia
100%
iris
100%
orchid
100%
aster
67%
begonia
67%
carnation
67%
lily of the valley
67%
marigold
67%
alyssum
33%
amaryllis
33%
bluebell
33%
camellia
33%
cassia
33%
heather
33%
ivy
33%
No matching quizzes found
Score Distribution
Percent of People with Each Score
Percentile by Number Answered
Your Score History
You have not taken this quiz since the last reset